000 00790nam a2200253Ia 4500
003 OSt
005 20221005092634.0
006 a|||||r|||| 00| 0
007 ta
008 221004b |||||||| |||| 00| 0 eng d
020 _a9780739142554 (hbk)
_c3292.16
024 _a2157
037 _b36084, 22/10/2012, Segment Book Distributors
_cTextual
040 _aCRL
_cCRL
_beng
041 _2eng
_aeng
082 _aR39(A), Q0
100 _aStudtmann Paul
_9617611
245 0 _aEmpiricism and the problem of metaphysics
260 _aNew York
_bRowman & Littlefield Publishers Inc. U.S.A
_c2010
300 _a168p.
_ccm.
650 _aPHILOSOPHY
942 _hR39(A), Q0
_cTEXL
_2cc
999 _c999131
_d999131